Sociología criminal y derecho penal (Registro nro. 402)

Detalles MARC
000 -LEADER
fixed length control field 00940 a2200217 4500
001 - CONTROL NUMBER
control field 4209
005 - DATE AND TIME OF LATEST TRANSACTION
control field 20260407155432.0
008 - FIXED-LENGTH DATA ELEMENTS--GENERAL INFORMATION
fixed length control field 260407a2011 arg spa d
003 - CONTROL NUMBER IDENTIFIER
control field AR-UNSa-BCEJYS
040 ## - CATALOGING SOURCE
Original cataloging agency AR-UNSa-BCEJYS
Language of cataloging spa
Transcribing agency AR-UNSa-BCEJYS
080 ## - UNIVERSAL DECIMAL CLASSIFICATION NUMBER
Universal Decimal Classification number 343.2
Common auxiliary subdivision Derecho penal
020 ## - INTERNATIONAL STANDARD BOOK NUMBER
International Standard Book Number 978-950-894-858-8
100 1# - MAIN ENTRY--PERSONAL NAME
Personal name Tarde, Gabriel
245 10 - TITLE STATEMENT
Title Sociología criminal y derecho penal
264 #1 - PRODUCTION, PUBLICATION, DISTRIBUTION, MANUFACTURE, AND COPYRIGHT NOTICE
Place of production, publication, distribution, manufacture Buenos Aires :
Name of producer, publisher, distributor, manufacturer AD-HOC
Date of production, publication, distribution, manufacture, or copyright notice 2011
300 ## - PHYSICAL DESCRIPTION
Extent 192 p.
Dimensions 23 cm.
505 ## - FORMATTED CONTENTS NOTE
Formatted contents note 1. ¿Qué es el crimen? - 2. La sociología criminal y el derecho penal - 3. La criminalidad y los fenómenos económicos - 4. El delito político - 5. La juventud criminal - 6. La criminología - 7. Acerca de dos bellos crímenes - 8. El tipo criminal
590 ## - LOCAL NOTE (RLIN)
Local note niveau_biblio:m niveau_hierar:0
856 41 - ELECTRONIC LOCATION AND ACCESS
Uniform Resource Identifier <a href="https://biblioeco.unsa.edu.ar/pmb/images/libros/Sociologia criminal y derecho penal2-l118366.jpg">https://biblioeco.unsa.edu.ar/pmb/images/libros/Sociologia criminal y derecho penal2-l118366.jpg</a>
Link text Imagen de portada
Electronic format type image/jpeg
942 ## - ADDED ENTRY ELEMENTS (KOHA)
Koha item type
Existencias
Withdrawn status Lost status Damaged status Not for loan Home library Current library Shelving location Date acquired Total checkouts Full call number Barcode Date last seen Price effective from Koha item type
        Biblioteca Prof. Eusebio Cleto del Rey Biblioteca Prof. Eusebio Cleto del Rey   07/04/2026   343.2 T181 L118366 07/04/2026 07/04/2026 Libro